Logistics and supply chain management : (Record no. 553593)

000 -LEADER
fixed length control field 00740cam a22002058a 4500
020 ## - INTERNATIONAL STANDARD BOOK NUMBER
International Standard Book Number 9780273731122 (pbk.)
082 00 - DEWEY DECIMAL CLASSIFICATION NUMBER
Classification number 658.5
Author Mark CHR
-- M-38,p-119
100 1# - MAIN ENTRY--PERSONAL NAME
Personal name Christopher, Martin.
9 (RLIN) 50863
245 10 - TITLE STATEMENT
Title Logistics and supply chain management :
Remainder of title creating value-adding networks /
Statement of responsibility, etc. Martin Christopher.
250 ## - EDITION STATEMENT
Edition statement 4th ed.
260 ## - PUBLICATION, DISTRIBUTION, ETC.
Place of publication, distribution, etc. Harlow, England ;
-- New York :
Name of publisher, distributor, etc. Financial Times Prentice Hall,
Date of publication, distribution, etc. 2011.
300 ## - PHYSICAL DESCRIPTION
Extent p. cm.
500 ## - GENERAL NOTE
General note Includes index.
526 ## - STUDY PROGRAM INFORMATION NOTE
Program name 0
Interest level 0
Reading level 0
Title point value 658_500000000000000_CHR
526 ## - STUDY PROGRAM INFORMATION NOTE
Program name 0
Interest level 0
Reading level 0
Title point value 658_500000000000000_CHR
526 ## - STUDY PROGRAM INFORMATION NOTE
Program name 0
Interest level 0
Reading level 0
Title point value 658_500000000000000_CHR
650 #0 - SUBJECT ADDED ENTRY--TOPICAL TERM
Topical term or geographic name entry element Business logistics
General subdivision Cost effectiveness.
9 (RLIN) 50864
650 #0 - SUBJECT ADDED ENTRY--TOPICAL TERM
Topical term or geographic name entry element Delivery of goods
General subdivision Management.
9 (RLIN) 50865
942 ## - ADDED ENTRY ELEMENTS (KOHA)
Source of classification or shelving scheme
Koha item type Book
Holdings
Withdrawn status Lost status Source of classification or shelving scheme Damaged status Not for loan Permanent Location Current Location Date acquired Total Checkouts Full call number Barcode Date last seen Price effective from Koha item type Date last checked out
          Military College of Engineering (MCE) Military College of Engineering (MCE) 08/24/2015   658.5 CHR MCE-50181 08/24/2015 08/24/2015 Book  
          Military College of Engineering (MCE) Military College of Engineering (MCE) 08/24/2015   658.5 CHR MCE-50182 08/24/2015 08/24/2015 Book  
          Military College of Engineering (MCE) Military College of Engineering (MCE) 08/24/2015 3 658.5 CHR MCE-50183 10/19/2015 08/24/2015 Book 09/04/2015
© 2023 Central Library, National University of Sciences and Technology. All Rights Reserved.